[Event "Sivas op 1st"]
[Site "Sivas"]
[Date "2019.08.23"]
[Round "8"]
[White "Toksan, Hayati"]
[Black "Tofan, Ismail"]
[Result "0-1"]
[WhiteElo "1408"]
[BlackElo "1669"]
[PlyCount "84"]
[EventDate "2019.08.19"]
[EventType "swiss"]
[EventRounds "9"]
[EventCountry "TUR"]
[SourceTitle "EXT 2020"]
[Source "ChessBase"]
[SourceDate "2019.10.17"]
[SourceVersion "1"]
[SourceVersionDate "2019.10.17"]
[SourceQuality "1"]

1. c4 e5 2. Nc3 Nf6 3. g3 b6 4. Bg2 Nc6 5. Nf3 Bd6 6. d4 Rb8 7. d5 Na5 8. b3 Bb4 9. Bd2 d6 10. Qc2 Nb7 11. a3 Bxc3 12. Bxc3 Nc5 13. Nd2 Bd7 14. e4 0-0 15. 0-0 Qc8 16. Rfe1 Nh5 17. Qd1 g6 18. f3 b5 19. Ra2 bxc4 20. bxc4 Qa6 21. Rf1 Qb6 22. Kh1 a5 23. f4 exf4 24. g4 Ng7 25. Qa1 Ne8 26. Rb2 Qa7 27. Rxb8 Qxb8 28. Bxa5 Nd3 29. Qd4 Ne5 30. g5 Qd8 31. h4 h6 32. Nf3 hxg5 33. Bc3 g4 34. Nxe5 Qxh4+ 35. Kg1 dxe5 36. Qxe5 g5 37. Qe7 g3 38. Rf3 Bg4 39. Rxf4 Qh5 40. Rf6 Be2 41. Rg6+ Qxg6 42. Qe5 Qb6+ 0-1